000 00264nam a2200097Ia 4500
001 1224359
005 20251010123227.0
008 250824s9999 xx 000 0 und d
245 0 _aKÖR KALBE AŞK DOKUNMAZ
_cAYŞE ÜNÜVAR
260 _bKARATAY AKADEMİ YAYINLARI
999 _c1224359
_d1224359